000
00307nam a2200121 4500
999
_c
516139
_d
516139
082
_a
TNC B142x54 M726
100
_a
Mohan, Kamlesh.
_9
22519
245
_a
Towards gender history
260
_a
Delhi
_b
Aakar
_c
2006
300
_a
271p.
650
_a
Fermissior
_9
22520
650
_a
Women India history
_9
22521